Etiqueta de registo: 00254nam 2200025 450
001 2289427
003 http://id.bnportugal.gov.pt/bib/catbnp/2289427
010 ## $a978-989-35011-7-7
021 ## $aPT$b518483/23
100 ## $a20260702d2023 m y0pory01030103ba
101 0# $apor
102 ## $aPT
105 ## $aa b 000yy
106 ## $ar
200 1# $aSusegad$fDino$gcoord. João Coutinho$gfot. Bruno Seabra
210 #9 $aCasa de Goa$cModocromia,$d2026
215 ## $a[20] p.$cil.$d21 cm
700 #0 $aDino$f1956-$32002419
702 #1 $96$aCoutinho,$bJoão$4340$31896629
702 #1 $aSeabra,$bBruno$4600$32002422
801 #0 $aPT$bBN$gRPC
966 ## $lBN$mFGMON$x1
966 ## $lBN$mFGMON$x1
971 ## $cabrito$d20260702